MRI IN PRACTICE (Record no. 23926)

MARC details
000 -LEADER
fixed length control field 00379nam a22001697a 4500
003 - CONTROL NUMBER IDENTIFIER
control field SGT
020 ## - INTERNATIONAL STANDARD BOOK NUMBER
International Standard Book Number 9781119391968
082 ## - DEWEY DECIMAL CLASSIFICATION NUMBER
Classification number 616.0757
Item number M19W
100 ## - MAIN ENTRY--PERSONAL NAME
Personal name WESTBROOK, CATHERINA
245 ## - TITLE STATEMENT
Title MRI IN PRACTICE
250 ## - EDITION STATEMENT
Edition statement 5TH
260 ## - PUBLICATION, DISTRIBUTION, ETC. (IMPRINT)
Place of publication, distribution, etc USA
Name of publisher, distributor, etc WILEY BLACK WELL PUB
Year of Publication 2019
300 ## - PAGE DESCRIPTION
No. of Pages 395
650 ## - SUBJECT ADDED ENTRY--TOPICAL TERM
Topical term or geographic name as entry element RADIOLOGY
653 ## - KEYWORDS--INDEX TERM
Keyword term MRI IN PRACTICE
942 ## - ADDED ENTRY ELEMENTS (KOHA)
Source of classification or shelving scheme Dewey Decimal Classification
Koha item type Books
942 ## - ADDED ENTRY ELEMENTS (KOHA)
-- 154
Holdings
Withdrawn status Lost status Source of classification or shelving scheme Damaged status Not for loan Collection code Home library Current library Shelving location Date acquired Vendor Name Cost, normal purchase price SGTU Bill Number Total Checkouts Full call number Accession No. (Barcode) Date last seen Date last borrowed Bill Date Koha item type Total Renewals
    Dewey Decimal Classification     MEDICAL SGT Medical Library SGT Medical Library Text Book 29/05/2023 ABC DELHI 5442.00 SGTU 16427 1 616.0757 M19W FM13834 13/09/2025 27/08/2025 06/04/2023 Books  
    Dewey Decimal Classification     MEDICAL SGT Medical Library SGT Medical Library Text Book 29/05/2023 ABC DELHI 5442.00 SGTU 16427 21 616.0757 M19W FM13835 25/08/2025 06/08/2025 06/04/2023 Books  
    Dewey Decimal Classification     MEDICAL SGT Medical Library SGT Medical Library Text Book 29/05/2023 ABC DELHI 5442.00 SGTU 16427 28 616.0757 M19W FM13836 12/11/2025 29/10/2025 06/04/2023 Books  
    Dewey Decimal Classification     MEDICAL SGT Medical Library SGT Medical Library Text Book 29/05/2023 ABC DELHI 5442.00 SGTU 16427 16 616.0757 M19W FM13837 27/08/2025 20/08/2025 06/04/2023 Books  
    Dewey Decimal Classification     MEDICAL SGT Medical Library SGT Medical Library Text Book 29/05/2023 ABC DELHI 5442.00 SGTU 16427 31 616.0757 M19W FM13838 06/11/2025 29/10/2025 06/04/2023 Books  
    Dewey Decimal Classification     MEDICAL SGT Medical Library SGT Medical Library Text Book 29/05/2023 ABC DELHI 5442.00 SGTU 16427 19 616.0757 M19W FM13839 29/09/2025 15/09/2025 06/04/2023 Books 1
    Dewey Decimal Classification     MEDICAL SGT Medical Library SGT Medical Library Text Book 29/05/2023 ABC DELHI 5442.00 SGTU 16427 22 616.0757 M19W FM13840 09/04/2026 09/04/2026 06/04/2023 Books  
    Dewey Decimal Classification     MEDICAL SGT Medical Library SGT Medical Library Text Book 29/05/2023 ABC DELHI 5442.00 SGTU 16427 32 616.0757 M19W FM13841 16/12/2025 29/10/2025 06/04/2023 Books  
    Dewey Decimal Classification     MEDICAL SGT Medical Library SGT Medical Library Text Book 29/05/2023 ABC DELHI 5442.00 SGTU 16427 28 616.0757 M19W FM13842 03/12/2025 15/11/2025 06/04/2023 Books  
    Dewey Decimal Classification     MEDICAL SGT Medical Library SGT Medical Library Text Book 29/05/2023 ABC DELHI 5442.00 SGTU 16427 25 616.0757 M19W FM13843 02/12/2025 18/11/2025 06/04/2023 Books